000 00336nam a2200145Ia 4500
100 _aAdmiralty
650 _aElectrical Engineering
942 _cBK
654 _aElectrical
245 _aExamples In Electrical Calculations
260 _bStandard Publication
_aDelhi
_c1977
082 _a621.3
300 _a431
546 _aENGLISH
999 _c18663
_d18663